000 00946nam a2200205 a 4500
001 000501047
003 AM-YeHGA
005 20250618072651.0
008 060922s1925 ai ||||gr|||||||||0|arm|d
040 _aAM-YeHGA
041 0 _aarm
100 1 _aՀովհաննիսյան, Աշոտ Գարեգինի,
_d1887-1972
_91864
245 1 0 _aՄեր պայքարը, նվաճումները յեվ անելիքը :
_b(Յերևանի գավկուսկոնֆերենցիայում Կենտկոմի աշխատանքների մասին արած զեկուցումը) /
_cԱ. Հովհաննիսյան ; ՀՍԽՀ.
260 _aՅերևան :
_bՊետհրատ,
_c1925.
300 _a56 էջ ;
_c17 սմ.
650 1 4 _aԿոմունիստական կուսակցության պատմություն
_95071
710 2 _aՀայաստանի Սոցիալիստական Խորհրդային Հանրապետություն
_94724
942 _2udc
_cBK
090 _c186806
999 _c185348
_d185348